20 Most Famous Cities in Ivory Coast on a Map - Statistics

General Stats
  • This quiz has been taken 58 times
  • The average score is 7 of 20
Answers on the Map
Answers color-coded by a green-red scale on the quiz's map according to % correct below.
 
Answer Stats
Wiki Monthly Views Cityquiz Mention Rate Population Answers % Correct
63.93K 26.34% 5616.63K Abidjan
100%
24.29K 21.10% 212.67K Yamoussoukro
98%
7.83K 2.33% 740.00K Bouaké
67%
4.33K 3.93% 164.94K San-Pédro
58%
4.03K 1.36% 243.05K Korhogo
42%
2.54K 5.94% 149.04K Man
42%
2.84K 1.08% 245.36K Daloa
38%
5.20K 0.53% 74.67K Grand-Bassam
31%
2.06K 0.61% 160.47K Gagnoa
24%
1.41K 0.39% 100.91K Abengourou
22%
1.62K 0.64% 105.40K Divo
22%
1.10K 0.33% 103.30K Anyama
20%
2.63K 0.11% 64.02K Bingerville
20%
1.58K 0.10% 88.78K Bondoukou
18%
1.15K 0.23% 101.20K Soubré
18%
1.93K 0.18% 42.17K Odienné
16%
1.23K 0.09% 61.94K Dabou
13%
2.35K - 5.66K Assinie-Mafia
7%
1.74K 0.12% 48.86K Dimbokro
7%
1.29K - 11.77K Kong
7%
No matching quizzes found
Score Distribution
Percent of People with Each Score
Percentile by Number Answered
Your Score History
You have not taken this quiz